000 01308cad a22002775a 4500
001 E147375
008 090507s2009 xxk f 000 0 eng d
020 _a9781903193435
035 _a(Sirsi) u147375
041 0 _aeng
050 0 4 _a627.4 $2 18
100 1 _aWassell, Peter
245 0 0 _aResilient reinstatement
_bthe costs of flood resilient reinstatement of domestic properties
_h[electronic resource]
260 _aLondon
_bABI
_c2009
490 0 _aABI Research Paper
_v(14) 2009
520 _aLooks at the cost of carrying out changes to homes to make them more resilient to flooding, and whether such changes are a cost effective way of dealing with the threat of flooding. Concludes that, on average, reslient reinstatement costs over 40% more than traditional reinstatement, and that the benefits of such reinstatement need to be considered on a case-by-case basis.
521 _aAdvanced
590 _aKA
651 4 _aUnited Kingdom
_y
690 _aENVIRONMENTAL AND LAND CONSULTANCY-WATER RESOURCE MANAGEMENT-FLOODING
700 1 _aAyton-Robinson, Richard
700 1 _aRobinson, David
700 1 _aSalkeld, Iain
856 4 0 _uhttps://www.abi.org.uk/BookShop/ResearchReports/20090423%20RR%20Report14%20(2).pdf
_zView the report free of charge at www.abi.org.uk...
942 _n0
999 _c109523
_d109523